00629nam a22001697a 450000500170000001000150001702000270003203500140005903700090007308200150008210000210009724500950011825000060021326000590021927001540027830000270043220251006162703.0 aENG-146955 c1599.00a9789357315487 aEN-130487 bDBAD a332.63221 aRustomjee, Adil  aRunning behind Lakshmi: bThe Search for Wealth in India’s Stock Market/cAdil Rustomjee a1 aGurugrambHachette Book Publishing India Pvt.Ltdc2025 bGurugramaHachette Book Publishing India Pvt.Ltd 4th&5th Floors, Corporate Centre Plot No.94, Sector44, Gurugram Indiae122003mwww.hachetteindia.com axiii, 862p.c24cm (pb)